ბათუმის შოთა რუსთაველის სახელმწიფო უნივერსიტეტის ბიბლიოთეკა

თეირანი-იალტა-პოტსდამი : (ბიბ.ჩანაწერი № 56150)

000 -ლიდერი
ფიქსირებული სიგრძის საკონტროლო ველი 01024nam a2200229Ia 4500
001 - საკონტროლო ნომერი
საკონტროლო ველი 23251
003 - საკონტროლო ნომრის იდენტიფიკატორი
საკონტროლო ველი GE_BSU
005 - ბოლო ოპერაციის თარიღი და დრო
საკონტროლო ველი 20251118145909.0
008 - ფიქსირებული სიგრძის მონაცემთა ელემენტები - ზოგადი ინფორმაცია
ფიქსირებული სიგრძის საკონტროლო ველი 181216s1969||||ge |||||||||||||| ||geo||
040 ## - კატალოგიზაციის წყარო
Transcribing agency GE_BSU
041 ## - ენის კოდი
Language code of text/sound track or separate title geo
080 ## - უნივერსალური ათობითი კლასიფიკაციის ინდექსი
Universal Decimal Classification number 327(100)(094.2) + 94(100)"1939-1945 თ-43
245 ## - ცნობა სათაურის შესახებ
Title თეირანი-იალტა-პოტსდამი :
Remainder of title დოკუმ. კრებული /
Statement of responsibility, etc რედ. მ. კორძახია.
264 ## - წარმოების, გამოცემის, დისტრიბუციის და სხვა ცნობები
გამოცემის, წარმოების, დისტრიბუციის... ადგილი თბილისი :
გამოცემის, წარმოების, დისტრიბუციის... სახელწოდება საბჭ. საქართველო,
გამოცემის, წარმოების, დისტრიბუციის... თარიღი 1969.
300 ## - ფიზიკური აღწერა
Extent 438 გვ. ;
Dimensions 20 სმ.
653 ## - INDEX TERM--UNCONTROLLED
Uncontrolled term თეირანი-იალტა-პოტსდამი : დოკუმ. კრებული
653 ## - INDEX TERM--UNCONTROLLED
Uncontrolled term საერთაშორისო ხელშეკრულებები
653 ## - INDEX TERM--UNCONTROLLED
Uncontrolled term სამშვიდობო მოლაპარაკებები
700 ## - ADDED ENTRY--PERSONAL NAME
Personal name კორძახია, მ.
Relator term რედაქტორი
9 (RLIN) 26260
942 ## - ADDED ENTRY ELEMENTS (KOHA)
Koha item type წიგნი
Source of classification or shelving scheme
ეგზემპლარები
ჩამოწერის სტატუსი დაკარგული ეგზემპლარის სტატუსი კლასიფიკაციის წყარო ან თაროზე გაწყობის სქემა დაზიანების სტატუსი არ გაიცემა მუდმივი მდებარეობა (დაცვის ადგილი) ამჟამინდელი ადგილსამყოფელი თაროზე განთავსების ადგილი შეძენის თარიღი ღირებულება, შესყიდვის ნორმალური ფასი სრული შენახვის შიფრი შტრიხკოდი ბოლო ოპერაციის თარიღი ეგზემპლარის მიმდევრობითი ნომერი (კეტერი?) ფასის ძალაში შესვლის თარიღი ეგზემპლარის სახეობა საჯარო შენიშვნა
          ბათუმის შოთა რუსთაველის სახელმწიფო უნივერსიტეტის მთავარი ბიბლიოთეკა ბათუმის შოთა რუსთაველის სახელმწიფო უნივერსიტეტის მთავარი ბიბლიოთეკა წიგნსაცავი 2018-12-17 1.74 327(100)(094.2) + 94(100) თ-43 28257 2018-12-17 28257 2018-12-17 წიგნი 1.74 ₾.